Historias de nunca acabar : antología del nuevo cuento costarricense /
Gardado en:
| Outros autores: | , |
|---|---|
| Formato: | Libro |
| Idioma: | Spanish |
| Publicado: |
San José, Costa Rica:
Editorial Costa Rica,
2009.
|
| Series: | Cuento
|
| Materias: | |
| Etiquetas: |
Engadir etiqueta
Sen Etiquetas, Sexa o primeiro en etiquetar este rexistro!
|
MARC
| LEADER | 00000nam a2200000 a 4500 | ||
|---|---|---|---|
| 005 | 20150123044819.0 | ||
| 008 | 140401s2009 cr grb 0001j spa d | ||
| 020 | |a 9789977239163 | ||
| 040 | |a CO-BoBLA |b spa |c CO-BoBLA |d CRU CIICLA | ||
| 082 | 0 | 4 | |a CR863.08 |b H673h |2 19 |
| 245 | 0 | 0 | |a Historias de nunca acabar : |b antología del nuevo cuento costarricense / |c [compilador] Guillermo Barquero, Juan Murillo. |
| 260 | |a San José, Costa Rica: |b Editorial Costa Rica, |c 2009. | ||
| 300 | |a 206 páginas. | ||
| 490 | |a Cuento | ||
| 504 | |a Incluye referencias bibliográficas (páginas 197-206) | ||
| 505 | |r Alí Víquez |t El francés y otras lenguas / | ||
| 505 | |r Mauricio Ventanas |t Crustáceos / | ||
| 505 | |r Alfonso Chacón Rodríguez |t Fuera de rando / | ||
| 505 | |r Heriberto Rodríguez |t Liviana / | ||
| 505 | |r Luis Chaves |t Caravana -- Las tres divinas personas (relato de autoayuda en tres entregas) / | ||
| 505 | |r Catalina Murillo |t Una mala noticia / | ||
| 505 | |r Jessica Clark Cohen |t Memo personal / | ||
| 505 | |r Manuel Marín Oconitrillo |t Una muerte que sí pesa / | ||
| 505 | |r Marco Antonio Castro Rodríguez |t Si mataran los juegos / | ||
| 505 | |r José Rojas Alfaro |t La ruta de los bárbaros / | ||
| 505 | |r Laura Fuentes Belgrave |t Antierótica X -- Antierótica XIV -- Antierótica XXI / | ||
| 505 | |r Gustavo Adolfo Chaves |t Marilyn Boyd y un olvido premeditado / | ||
| 505 | |r Carlos Alvarado Quesada |t En Garabito (un cuento costumbrista) / | ||
| 505 | |r Albán Mora |t El otro lado de la noche / | ||
| 505 | |r David Eduarte |t El encierro / | ||
| 505 | |r David Eduarte |t Consunción / | ||
| 650 | 1 | 4 | |a LITERATURA COSTARRICENSE |v CUENTOS |v COLECCIONES |
| 700 | 1 | |a Barquero Ureña, Guillermo |d 1979- |e compilador | |
| 700 | 1 | |a Murrillo Fuentes, Juan |e compilador | |
| 942 | |2 ddc |c BK | ||
| 999 | |c 3776 |d 3776 | ||



